| 000 | 00361nam a2200133 a 4500 | ||
|---|---|---|---|
| 001 | 000001842 | ||
| 005 | 20200929145727.0 | ||
| 008 | 090629s2004 000 spa d | ||
| 020 | _a8493336270 | ||
| 245 | 0 | _aA imagen y semejanza : 1700 años de santidad en la Archidiócesis de Toledo. | |
| 260 |
_aToledo, _c2004. |
||
| 910 | _aEn proceso | ||
| 999 |
_c1719 _d1719 |
||
| 040 | _aDO-SdBNP | ||